000 00259nam a22001217a 4500
008 181017b xxu||||| |||| 00| 0 eng d
041 _aeng
080 _a370
100 _a17
101 _aEDU
245 _aFinding Facts East
_cAlden.t
942 _2udc
_cBK
999 _c49951
_d49951